000 00301nam a2200133Ia 4500
008 150301s2015 xx 000 0 und d
082 _a615.03
_bD14J
100 _aJAROLD EDWIN
245 _aDICTIONARY OF PHARMACY
260 _bCBS- DELHI
300 _a341
650 _aDICTIONARY
942 _2ddc
_cBK
999 _c7127
_d7127